|
|
|
|
| LEADER |
01335nam a2200325 a 4500 |
| 001 |
478132 |
| 008 |
120130s1981 ke abf 000 0 eng |
| 010 |
|
|
|a 83980798
|
| 040 |
|
|
|a DLC
|c DLC
|d DLC
|d BD-DhAAL
|
| 043 |
|
|
|a f-tz---
|
| 050 |
0 |
0 |
|a RA552.T34
|b C66 1983
|
| 082 |
0 |
0 |
|a 362.1/0425/09678
|2 19
|
| 245 |
0 |
0 |
|a Community health /
|c edited by C.H. Wood, J.P. Vaughan, H. de Glanville ; illustrated by Jean Lorenz, Willy Okiror.
|
| 260 |
|
|
|a Nairobi, Kenya :
|b African Medical and Research Foundation,
|c c1981
|g (1983 printing)
|
| 300 |
|
|
|a xii, 478, [8] fold. p., [1] leaf of plates :
|b ill., map ;
|c 21 cm.
|
| 490 |
0 |
|
|a Rural health series ;
|v 12
|
| 541 |
|
|
|e 00024428
|
| 650 |
|
0 |
|a Community health services
|z Tanzania.
|
| 650 |
|
0 |
|a Public health
|z Tanzania.
|
| 650 |
|
0 |
|a Health education
|z Tanzania.
|
| 650 |
|
0 |
|a Community health services.
|
| 650 |
|
0 |
|a Public health.
|
| 650 |
|
0 |
|a Health education.
|
| 700 |
1 |
|
|a Wood, C. H.
|q (Christopher H.),
|d 1924-2009.
|
| 700 |
1 |
|
|a Vaughan, Patrick.
|
| 700 |
1 |
|
|a De Glanville, H.
|
| 710 |
2 |
|
|a African Medical and Research Foundation.
|
| 852 |
1 |
|
|a James P Grant School of Public Health
|c General Shelf.
|
| 999 |
|
|
|c 11842
|d 11842
|
| 952 |
|
|
|0 0
|1 0
|2 ddc
|4 0
|6 362_104250967800000_COM
|7 0
|9 19357
|a JPGSPH
|b JPGSPH
|c GEN
|d 2012-02-01
|l 0
|o 362.1042509678 COM
|p 3060024428
|r 2012-02-01
|t 1
|w 2012-02-01
|y BK
|